Gestión de activos industriales: modelos y herramientas. Planificación, implementación y control
Sparad:
| Huvudupphovsman: | |
|---|---|
| Materialtyp: | Bok |
| Språk: | spanska |
| Publicerad: |
Sarrebruck
Académica Española
2011
|
| Upplaga: | 1a. ed |
| Ämnen: | |
| Taggar: |
Lägg till en tagg
Inga taggar, Lägg till första taggen!
|
MARC
| LEADER | 00000cam a2200000 a 4500 | ||
|---|---|---|---|
| 001 | UCE5440 | ||
| 003 | CL-VaPUC | ||
| 008 | 150109e20110000gw |||||||||||||||||spa|d | ||
| 020 | |a 9783845491400 | ||
| 082 | 0 | 4 | |a 658.4012 |b ESP |2 21 |
| 100 | 0 | |a Espinosa Fuentes, Fernando Félix |e author |9 578068 | |
| 245 | 1 | 0 | |a Gestión de activos industriales: modelos y herramientas. Planificación, implementación y control |
| 250 | |a 1a. ed | ||
| 300 | |a 293 p | ||
| 942 | |c BK | ||
| 945 | |d 20150109 08:57:00 |a dcastane | ||
| 260 | |a Sarrebruck |b Académica Española |c 2011 | ||
| 650 | 0 | |a Administración de empresas |9 260833 | |
| 650 | 0 | |a Gestión administrativa |9 375217 | |
| 650 | 0 | |a Gestión industrial |9 263790 | |
| 650 | 0 | |a Planificación estratégica |9 259735 | |
| 583 | |a last modification |c 20150109 08:57:00 |k Rodrigo Vera | ||
| 999 | |c 358158 |d 358156 | ||
| 952 | |0 0 |1 0 |3 erb |4 0 |6 658_401200000000000_ESP_2011 |7 0 |8 A |9 466693 |a BIBMEC |b BIBMEC |i 5134218 |l 1 |o 658.4012 ESP 2011 |p 5134218 |r 2024-04-01 |s 2024-03-25 |w 2019-11-23 |y BK |z Catalogado en:20150109 |k MEC | ||